Catálogo
 En Linea

Las salas de cine en la República Dominicana : (Registro nro. 51000)

Detalles MARC
000 -CABECERA
campo de control de longitud fija 01863nam a22002777a 4500
003 - IDENTIFICADOR DEL NÚMERO DE CONTROL
campo de control DO-SdBNP
005 - FECHA Y HORA DE LA ÚLTIMA TRANSACCIÓN
campo de control 20250701130238.0
007 - CAMPO FIJO DE DESCRIPCIÓN FÍSICA--INFORMACIÓN GENERAL
campo de control de longitud fija ta
008 - DATOS DE LONGITUD FIJA--INFORMACIÓN GENERAL
campo de control de longitud fija 211119b2020 dr ac||| |||| 00| 0 spa d
020 ## - NÚMERO INTERNACIONAL ESTÁNDAR DEL LIBRO
Número Internacional Estándar del Libro 9789945924619
040 ## - FUENTE DE LA CATALOGACIÓN
Centro catalogador/agencia de origen DO-SdBNP
Lengua de catalogación spa
Centro/agencia transcriptor BNPHU
082 #4 - NÚMERO DE LA CLASIFICACIÓN DECIMAL DEWEY
Número de clasificación 791.43097293
Número de documento/Ítem L865s
Número de edición 22
100 1# - ENTRADA PRINCIPAL--NOMBRE DE PERSONA
Nombre de persona Lora, Félix Manuel
9 (RLIN) 80598
245 14 - MENCIÓN DE TÍTULO
Título Las salas de cine en la República Dominicana :
Resto del título historia, desarrollo y evolución de la exhibición y distribución cinematográfica /
Mención de responsabilidad, etc. Félix Manuel Lora y Martha Checo ; prólogo, Yvette Mrichal.
260 ## - PUBLICACIÓN, DISTRIBUCIÓN, ETC.
Lugar de publicación, distribución, etc. Santo Domingo :
Nombre del editor, distribuidor, etc. DGCINE,
Fecha de publicación, distribución, etc. 2020.
300 ## - DESCRIPCIÓN FÍSICA
Extensión 111 p. :
Otras características físicas il. ;
Dimensiones 25 cm.
504 ## - NOTA DE BIBLIOGRAFÍA, ETC.
Nota de bibliografía, etc. Bibliografía : p. 105
505 0# - NOTA DE CONTENIDO CON FORMATO
Nota de contenido con formato Prólogo, 7.-- Tras la historia de una nostalgia fílmica, 9.-- El inicio de la exhibición y distribución en la historia cinematográfica dominicana, 13.-- Las primeras regulaciones a las exhibiciones cinematográficas, 21.-- Desde los años 20 al 60: algunos hitos en Santo Domingo, 23.-- De la zona intramuros a las zonas populares, 27.-- Los autocinemas de Santo Domingo, 47.-- Las experiencias de la exhibición en el interior del país, 49.-- Los multicines: las pantallas se multiplican, 65.-- Una amenaza para el sector, 72.-- Los malls y las llegadas de los nuevos complejos, 77.-- Dos empresas y una importante década, 84.-- Los circuitos cinematográficos independientes, 87.-- La ley de cine, una garantía para el sector exhibidor, 95.-- Fuentes referenciales, 105.-- Anexo: salas de cine antiguas y vigentes, 107.
590 ## - NOTA LOCAL (RLIN)
Nota local Inventariado, 2021 /LP<br/><br/><br/>
650 10 - PUNTO DE ACCESO ADICIONAL DE MATERIA--TÉRMINO DE MATERIA
Término de materia o nombre geográfico como elemento de entrada Cinematografía
Subdivisión geográfica República Dominicana
Subdivisión general Historia
9 (RLIN) 28400
650 14 - PUNTO DE ACCESO ADICIONAL DE MATERIA--TÉRMINO DE MATERIA
Término de materia o nombre geográfico como elemento de entrada Cine
Subdivisión geográfica República Dominicana
Subdivisión general Historia
9 (RLIN) 81269
700 1# - PUNTO DE ACCESO ADICIONAL--NOMBRE DE PERSONA
Nombre de persona Checo, Martha
9 (RLIN) 80670
700 1# - PUNTO DE ACCESO ADICIONAL--NOMBRE DE PERSONA
Nombre de persona Mrichal, Yvette,
Término indicativo de función/relación pról.
9 (RLIN) 80671
910 ## - DATOS DE OPCIÓN DEL USUARIO (OCLC)
Datos de opción del usuario Lopérez/Validado. Control de calidad. MAA
942 ## - ELEMENTOS DE PUNTO DE ACCESO ADICIONAL (KOHA)
Fuente del sistema de clasificación o colocación Dewey Decimal Classification
Tipo de ítem Koha Libro
Existencias
Estado de retiro Estado de pérdida Fuente del sistema de clasificación o colocación Restricciones de uso No para préstamo Código de colección Localización permanente Ubicación/localización actual Ubicación en estantería Fecha de adquisición Fuente de adquisición Total de préstamos Signatura topográfica completa Código de barras Fecha visto por última vez Precio válido a partir de Tipo de ítem Koha Número de copia Fecha del último préstamo
    Dewey Decimal Classification Préstamo restringido   Patrimonio Dominicano Biblioteca Nacional Pedro Henríquez Ureña Biblioteca Nacional Pedro Henríquez Ureña Depósito 19.11.2021 Depósito Legal   BNPHU PD 791.43097293 L865s 2021-28219 19.11.2021 19.11.2021 Libro    
    Dewey Decimal Classification Préstamo restringido   Patrimonio Dominicano Biblioteca Nacional Pedro Henríquez Ureña Biblioteca Nacional Pedro Henríquez Ureña Depósito 19.11.2021 Depósito Legal   BNPHU PD 791.43097293 L865s 2021-28220 19.11.2021 19.11.2021 Libro e.2  
    Dewey Decimal Classification Préstamo en sala   Dominicana de Servicio Biblioteca Nacional Pedro Henríquez Ureña Biblioteca Nacional Pedro Henríquez Ureña Depósito 19.11.2021 Depósito Legal 2 BNPHU DS 791.43097293 L865s 2021-28221 06.08.2025 19.11.2021 Libro e.3 04.08.2025

Con tecnología Koha